[Event "FIDE Open World Blitz 2021"]
[Site "Warsaw"]
[Date "2021.12.29"]
[Round "11.1"]
[White "Pichot, Alan"]
[Black "Thybo, Jesper Sondergaard"]
[Result "1-0"]
[WhiteElo "2630"]
[BlackElo "2195"]
[Annotator "ChessBase"]
[PlyCount "53"]
[EventDate "2021.12.29"]
[EventType "swiss"]
[EventCountry "POL"]
[Tiebreak "Cut1 Buchholz"]
[SourceTitle "playchess.com"]
[Source "ChessBase"]
[SourceQuality "1"]

1. e4 c5 2. Nf3 d6 3. d4 cxd4 4. Nxd4 Nf6 5. Nc3 Nc6 6. Bg5 e6 7. Qd2 a6 8.
O-O-O Bd7 9. f3 Nxd4 10. Qxd4 Be7 11. Kb1 Qc7 12. g4 h5 13. gxh5 Nxh5 14. Rg1
Bc6 15. h4 Bxg5 16. Rxg5 O-O-O 17. a4 g6 18. b4 e5 19. Qa7 Qb8 20. Qe3 Nf4 21.
b5 axb5 22. axb5 Bd7 23. Na4 Be6 24. Rxe5 Qc7 25. b6 Qd7 26. Ra5 Kb8 27. Qxf4
1-0

[Event "FIDE Open World Blitz 2021"]
[Site "Warsaw"]
[Date "2021.12.29"]
[Round "11.1"]
[White "Sanal, Vahap"]
[Black "Carlsen, Magnus"]
[Result "0-1"]
[WhiteElo "2590"]
[BlackElo "2855"]
[Annotator "TA"]
[PlyCount "94"]
[EventDate "2021.12.29"]
[EventType "swiss"]
[EventCountry "POL"]
[Tiebreak "Cut1 Buchholz"]
[SourceTitle "playchess.com"]
[Source "ChessBase"]
[SourceQuality "1"]

1. e4 g6 2. d4 d6 3. Nf3 Nf6 4. Bd3 Bg7 5. c3 O-O 6. O-O Nc6 7. Be3 e5 8. Nbd2
Ng4 9. Bg5 f6 10. Bh4 Qe8 11. Nc4 Kh8 12. Re1 Bd7 13. Bg3 Nd8 14. h3 Nh6 15.
Ne3 Ne6 16. Bc4 Nf7 17. a4 a5 18. Qb3 Rb8 19. Nd5 Nfg5 20. Nxg5 Nxg5 21. Nxc7
Qc8 22. Nd5 Bxh3 23. gxh3 Qxh3 24. Qd1 f5 25. Bf1 Qh6 26. exf5 gxf5 27. dxe5
dxe5 28. Rxe5 f4 29. Nxf4 Bxe5 30. Ng6+ Qxg6 31. Bxe5+ Kg8 32. Bc4+ Nf7+ 33.
Bg3 Rbe8 34. Qd5 Kh8 35. Qd4+ Qg7 36. Qxg7+ Kxg7 37. Rd1 Ne5 38. Bxe5+ Rxe5 39.
Rd7+ Kh8 40. Rxb7 Rg5+ 41. Kf1 Rgf5 42. Ke2 Rxf2+ 43. Ke3 R2f3+ 44. Kd4 R3f4+
45. Kd5 Rd8+ 46. Kc5 Rc8+ 47. Kb5 Rcxc4 0-1

[Event "FIDE Open World Blitz 2021"]
[Site "Warsaw"]
[Date "2021.12.29"]
[Round "11.2"]
[White "Kravtsiv, Martyn"]
[Black "Aronian, Levon"]
[Result "1/2-1/2"]
[WhiteElo "2616"]
[BlackElo "2782"]
[Annotator "TA"]
[PlyCount "67"]
[EventDate "2021.12.29"]
[EventType "swiss"]
[EventCountry "POL"]
[Tiebreak "Cut1 Buchholz"]
[SourceTitle "playchess.com"]
[Source "ChessBase"]
[SourceQuality "1"]

1. e4 e5 2. Nf3 Nc6 3. Nc3 Nf6 4. a4 a6 5. d4 exd4 6. Nxd4 Nxe4 7. Nxc6 Nxc3 8.
Nxd8 Nxd1 9. Nxf7 Kxf7 10. Kxd1 d5 11. Bd3 Bd6 12. c3 Bg4+ 13. f3 Bh5 14. Kc2
Rae8 15. Bd2 Bg6 16. Rae1 Rxe1 17. Bxe1 Re8 18. Bxg6+ Kxg6 19. Kd1 h5 20. Bf2
b5 21. axb5 axb5 22. Bg3 Bxg3 23. hxg3 Re5 24. Rh4 Rg5 25. Rh3 Kf7 26. Ke2 g6
27. Kf2 Re5 28. Rh4 Re8 29. g4 hxg4 30. Rh7+ Kf6 31. Rxc7 gxf3 32. Kxf3 b4 33.
Rc6+ Ke5 34. Rxg6 1/2-1/2

[Event "FIDE Open World Blitz 2021"]
[Site "Warsaw"]
[Date "2021.12.29"]
[Round "11.2"]
[White "Sychev, Klementy"]
[Black "Bologan, Victor"]
[Result "1/2-1/2"]
[WhiteElo "2615"]
[BlackElo "2574"]
[Annotator "ChessBase"]
[PlyCount "86"]
[EventDate "2021.12.29"]
[EventType "swiss"]
[EventCountry "POL"]
[Tiebreak "Cut1 Buchholz"]
[SourceTitle "playchess.com"]
[Source "ChessBase"]
[SourceQuality "1"]

1. e4 e5 2. Nf3 Nc6 3. Bb5 a6 4. Ba4 Nf6 5. O-O Nxe4 6. d4 b5 7. Bb3 d5 8. dxe5
Be6 9. Nbd2 Nc5 10. c3 d4 11. Bxe6 Nxe6 12. cxd4 Ncxd4 13. a4 Bc5 14. Ne4 O-O
15. Nxc5 Nxf3+ 16. Qxf3 Nxc5 17. axb5 axb5 18. Bg5 Rxa1 19. Bxd8 Rxf1+ 20. Kxf1
Rxd8 21. h4 Ne6 22. h5 c5 23. h6 b4 24. g3 gxh6 25. Qg4+ Kf8 26. Qh5 c4 27.
Qxh6+ Kg8 28. Qc1 Rc8 29. f4 Nd4 30. Qd1 Ne6 31. f5 Ng7 32. Qd7 Rf8 33. g4 h5
34. gxh5 c3 35. bxc3 bxc3 36. Qd3 Rc8 37. Qc2 Nxh5 38. f6 Nf4 39. Ke1 Ng6 40.
e6 Re8 41. e7 Nxe7 42. fxe7 Rxe7+ 43. Kf1 Re6 1/2-1/2

[Event "FIDE Open World Blitz 2021"]
[Site "Warsaw"]
[Date "2021.12.29"]
[Round "11.3"]
[White "Fedoseev, Vladimir"]
[Black "Dubov, Daniil"]
[Result "1/2-1/2"]
[WhiteElo "2704"]
[BlackElo "2714"]
[Annotator "ChessBase"]
[PlyCount "28"]
[EventDate "2021.12.29"]
[EventType "swiss"]
[EventCountry "POL"]
[Tiebreak "Cut1 Buchholz"]
[SourceTitle "playchess.com"]
[Source "ChessBase"]
[SourceQuality "1"]

1. b4 Nf6 2. Bb2 g6 3. g3 Bg7 4. Bg2 O-O 5. c4 c6 6. Nf3 d5 7. cxd5 cxd5 8. O-O
a6 9. d3 Nc6 10. a3 Bg4 11. Nbd2 Rc8 12. Rc1 Qb6 13. Qb3 e6 14. Bc3 Bxf3
1/2-1/2

[Event "FIDE Open World Blitz 2021"]
[Site "Warsaw"]
[Date "2021.12.29"]
[Round "11.3"]
[White "Christiansen, Johan-Sebastian"]
[Black "Kozak, Adam"]
[Result "0-1"]
[WhiteElo "2593"]
[BlackElo "2532"]
[Annotator "ChessBase"]
[PlyCount "118"]
[EventDate "2021.12.29"]
[EventType "swiss"]
[EventCountry "POL"]
[Tiebreak "Cut1 Buchholz"]
[SourceTitle "playchess.com"]
[Source "ChessBase"]
[SourceQuality "1"]

1. e4 c5 2. Nf3 a6 3. c3 b5 4. d4 cxd4 5. cxd4 Bb7 6. Bd3 e6 7. O-O Nf6 8. Re1
Be7 9. Nbd2 h6 10. Nf1 d5 11. e5 Ne4 12. Ng3 Nxg3 13. hxg3 Nc6 14. Be3 Na5 15.
Qe2 Nc4 16. Bc1 Rc8 17. g4 Qc7 18. b3 Na5 19. Bd2 Qb6 20. Be3 Nc6 21. g3 Nb4
22. Bb1 Qc7 23. Rc1 Qb8 24. Rd1 Qc7 25. Rc1 Qb8 26. a3 Rxc1+ 27. Bxc1 Nc6 28.
Bd3 Na5 29. Rb1 Qc7 30. Qd2 Nc6 31. b4 Nb8 32. Qe2 Nd7 33. Ne1 Nb6 34. Bc2 Nc4
35. Nd3 Bc6 36. Bb3 Qb6 37. Nc5 Bxc5 38. dxc5 Qc7 39. Bb2 Kd8 40. Rd1 Kc8 41.
Ba2 h5 42. gxh5 Nxb2 43. Qxb2 Rxh5 44. f4 Qd8 45. Rd2 Rh3 46. Rh2 Rxg3+ 47. Kf2
Rg4 48. Qd4 g5 49. Ke1 Rxf4 50. Qd2 d4 51. Rh7 d3 52. Bb1 Be4 53. Rh3 Qd4 54.
Re3 Bf5 55. c6 Qa1 56. Qc1 Rc4 57. Qd1 Qb2 58. c7 Rc1 59. Rxd3 Bxd3 0-1

[Event "FIDE Open World Blitz 2021"]
[Site "Warsaw"]
[Date "2021.12.29"]
[Round "11.4"]
[White "Svane, Rasmus"]
[Black "Amin, Bassem"]
[Result "0-1"]
[WhiteElo "2628"]
[BlackElo "2617"]
[Annotator "ChessBase"]
[PlyCount "100"]
[EventDate "2021.12.29"]
[EventType "swiss"]
[EventCountry "POL"]
[Tiebreak "Cut1 Buchholz"]
[SourceTitle "playchess.com"]
[Source "ChessBase"]
[SourceQuality "1"]

1. Nf3 Nf6 2. g3 g6 3. Bg2 Bg7 4. O-O O-O 5. d4 d6 6. Re1 Nbd7 7. e4 e5 8. Nc3
c6 9. a4 Qc7 10. h3 b6 11. Bg5 h6 12. Be3 Bb7 13. Qd2 Kh7 14. Rad1 Rfe8 15. g4
a6 16. d5 cxd5 17. exd5 Rac8 18. Nh2 Qc4 19. Qc1 Nc5 20. Qa1 b5 21. Bf1 Qb4 22.
Na2 Qxa4 23. b3 Nxb3 24. cxb3 Qxb3 25. Rb1 Qa4 26. Nb4 Qxa1 27. Rxa1 Nxd5 28.
Nxd5 Bxd5 29. Rxa6 b4 30. Rxd6 Be6 31. Ba6 Rc3 32. Bd2 Rxh3 33. Bxb4 Bf8 34.
Rb6 Rb3 35. Ba5 Ra8 36. Rxe6 fxe6 37. Bc4 Rb2 38. Rxe5 Bd6 39. Rxe6 Bxh2+ 40.
Kxh2 Rxa5 41. Re7+ Kh8 42. Kg3 Ra3+ 43. f3 Rc3 44. Bd5 Rd2 45. Re8+ Kg7 46. Be4
g5 47. Re6 Re2 48. Re5 Ra3 49. Re6 Raa2 50. Bf5 Rg2+ 0-1

[Event "FIDE Open World Blitz 2021"]
[Site "Warsaw"]
[Date "2021.12.29"]
[Round "11.4"]
[White "Corrales Jimenez, Fidel"]
[Black "Nguyen, Thai Dai Van"]
[Result "1-0"]
[WhiteElo "2523"]
[BlackElo "2594"]
[Annotator "ChessBase"]
[PlyCount "159"]
[EventDate "2021.12.29"]
[EventType "swiss"]
[EventCountry "POL"]
[Tiebreak "Cut1 Buchholz"]
[SourceTitle "playchess.com"]
[Source "ChessBase"]
[SourceQuality "1"]

1. d4 d5 2. c4 e6 3. Nf3 Nf6 4. Nc3 Be7 5. Bg5 h6 6. Bxf6 Bxf6 7. cxd5 exd5 8.
e3 O-O 9. Bd3 c6 10. O-O Be7 11. Rb1 a5 12. a3 Be6 13. Qc2 Nd7 14. Bf5 Bxf5 15.
Qxf5 g6 16. Qc2 Re8 17. b4 axb4 18. axb4 b5 19. Ne2 Rc8 20. Nf4 Kg7 21. Ne5 Bd6
22. Nxf7 Qf6 23. Nxd6 Qxd6 24. Ra1 Ra8 25. Rfc1 Nb6 26. h3 Nc4 27. Nd3 Qf6 28.
Qd1 Qf5 29. Nf4 h5 30. Rxa8 Rxa8 31. Ra1 Rxa1 32. Qxa1 Nd2 33. h4 Qc2 34. Ne6+
Kf6 35. Nc5 Ne4 36. Nxe4+ Qxe4 37. g3 Qc2 38. Qa8 Qb1+ 39. Kg2 Qe4+ 40. Kh2 Qc2
41. Qf8+ Ke6 42. Kg2 Qe4+ 43. Kh2 Qc2 44. Qf4 Kd7 45. Kg2 Qb1 46. Qf7+ Kc8 47.
Qf8+ Kb7 48. Qe7+ Kb6 49. Qc5+ Kb7 50. Qc3 Qe4+ 51. Kh2 Qb1 52. Qd2 Qe4 53. Kg1
Kb6 54. Qc1 Kb7 55. Kh2 Kb6 56. Qc5+ Kb7 57. Qf8 Qb1 58. Kg2 Qe4+ 59. Qf3 Qb1
60. g4 hxg4 61. Qxg4 Kb6 62. Qg3 Kb7 63. Qe5 Kb6 64. Qb8+ Ka6 65. Qa8+ Kb6 66.
Qd8+ Kb7 67. Qe7+ Kb6 68. Qf8 Qe4+ 69. Kg3 Qb1 70. Qe7 Qg1+ 71. Kf3 Qh1+ 72.
Ke2 Qc1 73. Qc5+ Qxc5 74. dxc5+ Kc7 75. Kd3 Kd7 76. f4 Ke6 77. e4 dxe4+ 78.
Kxe4 Kf6 79. f5 gxf5+ 80. Kf4 1-0

[Event "FIDE Open World Blitz 2021"]
[Site "Warsaw"]
[Date "2021.12.29"]
[Round "11.5"]
[White "Nakamura, Hikaru"]
[Black "Sindarov, Javokhir"]
[Result "1-0"]
[WhiteElo "2736"]
[BlackElo "2587"]
[Annotator "ChessBase"]
[PlyCount "115"]
[EventDate "2021.12.29"]
[EventType "swiss"]
[EventCountry "POL"]
[Tiebreak "Cut1 Buchholz"]
[SourceTitle "playchess.com"]
[Source "ChessBase"]
[SourceQuality "1"]

1. d4 Nf6 2. c4 c5 3. d5 g6 4. Nc3 Bg7 5. Nf3 O-O 6. g3 d6 7. Bg2 a6 8. a4 e6
9. O-O exd5 10. cxd5 Re8 11. Re1 Ne4 12. Nxe4 Rxe4 13. Qc2 Re8 14. Bf4 Bg4 15.
Nd2 g5 16. Be3 Rxe3 17. fxe3 Nd7 18. Be4 Nf6 19. Bf5 Qe7 20. Ra3 Re8 21. a5 Bh5
22. e4 Bg6 23. Bxg6 hxg6 24. Kg2 Ng4 25. Nc4 Ne5 26. Rb3 Nxc4 27. Qxc4 Bd4 28.
Qc2 g4 29. e3 Be5 30. Qe2 Qd7 31. Rb6 Kg7 32. Rf1 Rh8 33. b4 c4 34. Qxc4 Qe7
35. Qe2 Qd7 36. b5 axb5 37. Rxb5 Rh5 38. Rf2 Qc8 39. Qf1 f6 40. Qb1 Kh6 41.
Rxb7 Qc3 42. Rb8 Qxe3 43. Rh8+ Kg5 44. Rxh5+ gxh5 45. Qc2 Kg6 46. a6 h4 47. a7
h3+ 48. Kf1 Qxa7 49. Qd1 Qa6+ 50. Kg1 Kf7 51. Qe2 Qa1+ 52. Rf1 Qd4+ 53. Kh1 Ke7
54. Qxg4 Qd3 55. Qxh3 Qxe4+ 56. Qg2 Qd3 57. Qf3 Qd2 58. Rb1 1-0

[Event "FIDE Open World Blitz 2021"]
[Site "Warsaw"]
[Date "2021.12.29"]
[Round "11.5"]
[White "Najer, Evgeniy"]
[Black "Teclaf, Pawel"]
[Result "0-1"]
[WhiteElo "2654"]
[BlackElo "2543"]
[Annotator "ChessBase"]
[PlyCount "54"]
[EventDate "2021.12.29"]
[EventType "swiss"]
[EventCountry "POL"]
[Tiebreak "Cut1 Buchholz"]
[SourceTitle "playchess.com"]
[Source "ChessBase"]
[SourceQuality "1"]

1. e4 c5 2. Nf3 e6 3. d4 cxd4 4. Nxd4 a6 5. Nc3 b5 6. Bd3 Bb7 7. O-O Nc6 8.
Nxc6 Bxc6 9. Re1 Ne7 10. Bf1 Ng6 11. a4 b4 12. Nd5 Bd6 13. a5 Qb8 14. g3 h5 15.
Nb6 h4 16. Bg2 hxg3 17. hxg3 Ra7 18. Be3 Rb7 19. Nc4 Be7 20. Qd2 Rb5 21. Rad1
Ne5 22. Nxe5 Qxe5 23. Bd4 Qh5 24. f3 Qh2+ 25. Kf2 Rh3 26. Qf4 Rxg3 27. Rg1
Rxg2+ 0-1

[Event "FIDE Open World Blitz 2021"]
[Site "Warsaw"]
[Date "2021.12.29"]
[Round "11.6"]
[White "Duda, Jan-Krzysztof"]
[Black "Socko, Bartosz"]
[Result "1-0"]
[WhiteElo "2756"]
[BlackElo "2571"]
[Annotator "ChessBase"]
[PlyCount "117"]
[EventDate "2021.12.29"]
[EventType "swiss"]
[EventCountry "POL"]
[Tiebreak "Cut1 Buchholz"]
[SourceTitle "playchess.com"]
[Source "ChessBase"]
[SourceQuality "1"]

1. c4 e6 2. Nc3 Bb4 3. Qb3 c5 4. Nf3 Nf6 5. a3 Bxc3 6. Qxc3 O-O 7. b4 b6 8. Bb2
Bb7 9. g4 d6 10. g5 Ne8 11. h4 Nc6 12. Rg1 e5 13. h5 Nc7 14. d3 Ne6 15. Qd2
Ncd4 16. Nxd4 cxd4 17. Bh3 Nf4 18. Bf1 Ne6 19. Bh3 Nf4 20. Bf1 Nxh5 21. e3 dxe3
22. fxe3 g6 23. O-O-O a5 24. b5 Qe7 25. d4 d5 26. dxe5 dxc4 27. Qc3 Ng7 28. e6
fxe6 29. Bh3 Rf7 30. Rgf1 Raf8 31. Rf6 Bc8 32. a4 Qb4 33. e4 Qxc3+ 34. Bxc3 Nh5
35. e5 Nxf6 36. gxf6 Re8 37. Rd6 h5 38. Rxb6 g5 39. Rc6 g4 40. Bf1 Bb7 41. Rxc4
Rc8 42. Bxa5 h4 43. Rxc8+ Bxc8 44. Be1 g3 45. a5 Bb7 46. Bh3 Rc7+ 47. Kd2 Bd5
48. b6 Rc5 49. a6 Rb5 50. a7 Rxb6 51. Ke3 Ra6 52. Kf4 Rxa7 53. Kg5 Ra4 54. Kg6
g2 55. f7+ Kf8 56. Bxg2 Bxg2 57. Bd2 Rg4+ 58. Kf6 Rg7 59. Bb4# 1-0

[Event "FIDE Open World Blitz 2021"]
[Site "Warsaw"]
[Date "2021.12.29"]
[Round "11.6"]
[White "Gareyev, Timur"]
[Black "Nasuta, Grzegorz"]
[Result "1-0"]
[WhiteElo "2583"]
[BlackElo "2377"]
[Annotator "ChessBase"]
[PlyCount "53"]
[EventDate "2021.12.29"]
[EventType "swiss"]
[EventCountry "POL"]
[Tiebreak "Cut1 Buchholz"]
[SourceTitle "playchess.com"]
[Source "ChessBase"]
[SourceQuality "1"]

1. e4 e5 2. f4 exf4 3. Nf3 Nf6 4. e5 Nh5 5. Be2 d6 6. O-O Nc6 7. d4 g6 8. c3
Bg7 9. exd6 Qxd6 10. Ng5 Qd5 11. Bxh5 Qxg5 12. Be2 O-O 13. Bxf4 Qe7 14. Na3 Bf5
15. Bf3 Qd7 16. Nc4 Rfe8 17. Qd2 Rad8 18. Bg5 f6 19. Bh4 b5 20. Ne3 Bh6 21.
Rae1 Ne5 22. Qd1 Nd3 23. Bd5+ Kg7 24. Nxf5+ Qxf5 25. Rxf5 Rxe1+ 26. Bxe1 Nxe1
27. Qxe1 1-0

[Event "FIDE Open World Blitz 2021"]
[Site "Warsaw"]
[Date "2021.12.29"]
[Round "11.7"]
[White "Sarana, Alexey"]
[Black "Nepomniachtchi, Ian"]
[Result "0-1"]
[WhiteElo "2656"]
[BlackElo "2782"]
[Annotator "TA"]
[PlyCount "82"]
[EventDate "2021.12.29"]
[EventType "swiss"]
[EventCountry "POL"]
[Tiebreak "Cut1 Buchholz"]
[SourceTitle "playchess.com"]
[Source "ChessBase"]
[SourceQuality "1"]

1. d4 Nf6 2. c4 e6 3. Nc3 Bb4 4. e3 O-O 5. Bd3 d5 6. a3 Bxc3+ 7. bxc3 dxc4 8.
Bxc4 c5 9. Bd3 Qc7 10. Bb2 b5 11. e4 Bb7 12. Qe2 Nc6 13. Nf3 b4 14. cxb4 Nxd4
15. Nxd4 cxd4 16. Bxd4 Rfd8 17. Bxf6 gxf6 18. O-O Rd4 19. Rac1 Qf4 20. Rc3 Rad8
21. Bb1 Bxe4 22. Rg3+ Bg6 23. Bxg6 hxg6 24. Rf3 Qg5 25. Qe3 Rd2 26. h3 Qxe3 27.
Rxe3 Rc8 28. g4 f5 29. gxf5 gxf5 30. Rb1 Rcc2 31. Rf3 Kg7 32. b5 Kf6 33. a4 Ra2
34. Rb4 Ra1+ 35. Kg2 Rda2 36. Rff4 e5 37. Rfc4 e4 38. Kg3 Rg1+ 39. Kh4 Rxf2 40.
Rc6+ Kg7 41. b6 f6 0-1

[Event "FIDE Open World Blitz 2021"]
[Site "Warsaw"]
[Date "2021.12.29"]
[Round "11.7"]
[White "Dudin, Gleb"]
[Black "Demchenko, Anton"]
[Result "0-1"]
[WhiteElo "2339"]
[BlackElo "2655"]
[Annotator "ChessBase"]
[PlyCount "64"]
[EventDate "2021.12.29"]
[EventType "swiss"]
[EventCountry "POL"]
[Tiebreak "Cut1 Buchholz"]
[SourceTitle "playchess.com"]
[Source "ChessBase"]
[SourceQuality "1"]

1. d4 Nf6 2. c4 g6 3. Nc3 Bg7 4. e4 d6 5. Be2 Nbd7 6. Be3 e5 7. Nf3 O-O 8. O-O
c6 9. h3 exd4 10. Bxd4 Re8 11. Qc2 Qe7 12. Rfe1 b6 13. Bf1 Ne5 14. Nd2 g5 15.
Rad1 Nh5 16. Ne2 Qe6 17. Bc3 Qg6 18. Nd4 g4 19. Nf5 gxh3 20. g3 Bxf5 21. exf5
Qh6 22. Bxe5 Bxe5 23. Nf3 Nf6 24. Nxe5 Rxe5 25. Rxe5 dxe5 26. Rd6 Kg7 27. Qe2
Re8 28. Rxc6 e4 29. Kh2 e3 30. f3 Kf8 31. Bxh3 Ng4+ 32. fxg4 Qxc6 0-1

[Event "FIDE Open World Blitz 2021"]
[Site "Warsaw"]
[Date "2021.12.29"]
[Round "11.8"]
[White "Erigaisi Arjun"]
[Black "Niemann, Hans Moke"]
[Result "1-0"]
[WhiteElo "2627"]
[BlackElo "2635"]
[Annotator "ChessBase"]
[PlyCount "51"]
[EventDate "2021.12.29"]
[EventType "swiss"]
[EventCountry "POL"]
[Tiebreak "Cut1 Buchholz"]
[SourceTitle "playchess.com"]
[Source "ChessBase"]
[SourceQuality "1"]

1. Nf3 c5 2. e4 d6 3. d4 cxd4 4. Nxd4 Nf6 5. Nc3 Nc6 6. Bg5 e6 7. Bb5 Bd7 8.
Qd3 h6 9. Bh4 a6 10. Bxc6 Bxc6 11. f4 Be7 12. O-O-O Qa5 13. Nxc6 bxc6 14. Qf3
d5 15. exd5 cxd5 16. f5 O-O 17. fxe6 fxe6 18. Qe3 Kh8 19. Qxe6 Qb4 20. Be1 Rab8
21. b3 Rfe8 22. Kb1 Bc5 23. Qh3 Re3 24. Nxd5 Nxd5 25. Bxb4 Rxh3 26. Rxd5 1-0

[Event "FIDE Open World Blitz 2021"]
[Site "Warsaw"]
[Date "2021.12.29"]
[Round "11.8"]
[White "Van Foreest, Lucas"]
[Black "Kosakowski, Jakub"]
[Result "0-1"]
[WhiteElo "2532"]
[BlackElo "2340"]
[Annotator "ChessBase"]
[PlyCount "62"]
[EventDate "2021.12.29"]
[EventType "swiss"]
[EventCountry "POL"]
[Tiebreak "Cut1 Buchholz"]
[SourceTitle "playchess.com"]
[Source "ChessBase"]
[SourceQuality "1"]

1. e4 e5 2. Nf3 Nc6 3. d4 exd4 4. Bc4 Nf6 5. e5 d5 6. Bb5 Ne4 7. Nxd4 Bc5 8.
Be3 O-O 9. Nxc6 bxc6 10. Bxc5 Nxc5 11. Bxc6 Rb8 12. Qxd5 Qe7 13. O-O Rxb2 14.
Nc3 Rd8 15. Qf3 Ne6 16. Qg3 Rxc2 17. Be4 Rcd2 18. h4 h6 19. Rac1 Qb4 20. Rb1
Qa5 21. Rfe1 Nd4 22. Rb8 Nf5 23. Bxf5 Bxf5 24. Rxd8+ Rxd8 25. Re3 Qb4 26. Qf3
Be6 27. Qe4 Rd4 28. Qa8+ Kh7 29. Qxa7 Rc4 30. a3 Qb2 31. Nd1 Qd2 0-1

[Event "FIDE Open World Blitz 2021"]
[Site "Warsaw"]
[Date "2021.12.29"]
[Round "11.9"]
[White "Grischuk, Alexander"]
[Black "Adly, Ahmed"]
[Result "1-0"]
[WhiteElo "2773"]
[BlackElo "2602"]
[Annotator "ChessBase"]
[PlyCount "133"]
[EventDate "2021.12.29"]
[EventType "swiss"]
[EventCountry "POL"]
[Tiebreak "Cut1 Buchholz"]
[SourceTitle "playchess.com"]
[Source "ChessBase"]
[SourceQuality "1"]

1. e4 c6 2. d4 d5 3. e5 Bf5 4. Nf3 e6 5. Be2 Nd7 6. O-O Ne7 7. c3 h6 8. Nbd2 g5
9. Ne1 c5 10. Bd3 cxd4 11. cxd4 Qb6 12. Nb3 Bg7 13. a4 a6 14. a5 Qd8 15. f4 g4
16. Bxf5 Nxf5 17. Qxg4 Rc8 18. Qd1 Bf8 19. Nf3 Rg8 20. Qd3 Nb8 21. Bd2 Nc6 22.
Rac1 Kd7 23. Kh1 Be7 24. Nc5+ Bxc5 25. Rxc5 Na7 26. Bb4 Rxc5 27. Bxc5 Nb5 28.
Qd2 Qc7 29. Rc1 Rc8 30. g4 Nfxd4 31. Nxd4 Nxd4 32. Qxd4 Qxa5 33. Qe3 Qb5 34.
Bd6 Rc4 35. Rxc4 Qxc4 36. Kg2 d4 37. Qe4 Kc8 38. Kf2 a5 39. h4 a4 40. h5 Qc1
41. Qxd4 Qc2+ 42. Ke3 Qc1+ 43. Qd2 Qg1+ 44. Kf3 Qf1+ 45. Qf2 Qh3+ 46. Ke4 Kd7
47. Qf3 Qh2 48. Kd3 Qxb2 49. f5 Qb3+ 50. Ke2 Qa2+ 51. Ke3 Qb3+ 52. Kf2 Qa2+ 53.
Kg3 Qb1 54. fxe6+ fxe6 55. Qf7+ Kc6 56. Qc7+ Kd5 57. Qc5+ Ke4 58. Qc4+ Ke3 59.
Bc5+ Kd2 60. Qf4+ Kc3 61. Qd4+ Kc2 62. Qxa4+ Kd2 63. Qd4+ Ke2 64. Qc4+ Kd2 65.
Qb4+ Qxb4 66. Bxb4+ Kd3 67. g5 1-0

[Event "FIDE Open World Blitz 2021"]
[Site "Warsaw"]
[Date "2021.12.29"]
[Round "11.9"]
[White "Saraci, Nderim"]
[Black "Sankalp, Gupta"]
[Result "1-0"]
[WhiteElo "2486"]
[BlackElo "2323"]
[Annotator "ChessBase"]
[PlyCount "99"]
[EventDate "2021.12.29"]
[EventType "swiss"]
[EventCountry "POL"]
[Tiebreak "Cut1 Buchholz"]
[SourceTitle "playchess.com"]
[Source "ChessBase"]
[SourceQuality "1"]

1. Nf3 d5 2. g3 c5 3. Bg2 Nf6 4. O-O e6 5. c4 d4 6. d3 Nc6 7. a3 a5 8. e3 Bd6
9. exd4 cxd4 10. Nbd2 O-O 11. Re1 e5 12. c5 Bc7 13. Nc4 Nd7 14. Rb1 a4 15. Qc2
Re8 16. Bd2 Qe7 17. Bb4 Qf6 18. Nfd2 Nxb4 19. axb4 Qa6 20. Ne4 Re7 21. Ned6
Bxd6 22. Nxd6 Nf6 23. Qc4 Qxc4 24. Nxc4 Bf5 25. Rbd1 Bg4 26. Ra1 Rae8 27. Nd6
Rb8 28. Rxa4 h5 29. h3 Bd7 30. Ra7 Bc8 31. b5 Nd7 32. b4 Kf8 33. c6 bxc6 34.
bxc6 Nf6 35. Rxe7 Kxe7 36. c7 Rxb4 37. Nxc8+ Kd7 38. Nd6 Kxc7 39. Nxf7 Rb2 40.
Nxe5 Rd2 41. Bf1 Kd8 42. Nf3 Ra2 43. Nxd4 Nd5 44. Ne6+ Kd7 45. Nxg7 h4 46. d4
hxg3 47. fxg3 Rd2 48. Nf5 Nb4 49. g4 Nc2 50. Re2 1-0

[Event "FIDE Open World Blitz 2021"]
[Site "Warsaw"]
[Date "2021.12.29"]
[Round "11.10"]
[White "Mamedyarov, Shakhriyar"]
[Black "Ivic, Velimir"]
[Result "1/2-1/2"]
[WhiteElo "2765"]
[BlackElo "2575"]
[Annotator "ChessBase"]
[PlyCount "105"]
[EventDate "2021.12.29"]
[EventType "swiss"]
[EventCountry "POL"]
[Tiebreak "Cut1 Buchholz"]
[SourceTitle "playchess.com"]
[Source "ChessBase"]
[SourceQuality "1"]

1. d4 d5 2. c4 e6 3. Nc3 Nf6 4. cxd5 exd5 5. Bg5 Bb4 6. e3 h6 7. Bh4 g5 8. Bg3
Ne4 9. Qc2 Nc6 10. Bd3 Bf5 11. Nge2 Nxg3 12. Nxg3 Bxd3 13. Qxd3 Qd7 14. O-O Ne7
15. Rac1 h5 16. e4 h4 17. Nge2 h3 18. g3 c6 19. exd5 Nxd5 20. Ne4 O-O-O 21. a3
Be7 22. b4 Kb8 23. Rfe1 Rhe8 24. Rb1 f5 25. Nd2 f4 26. b5 cxb5 27. Rxb5 fxg3
28. hxg3 Nc7 29. Rbb1 Qc6 30. Qf3 Qxf3 31. Nxf3 Bf6 32. Nc3 Rxe1+ 33. Rxe1 g4
34. Ne4 Bxd4 35. Nxd4 Rxd4 36. Nf6 b5 37. Re5 a5 38. Rg5 b4 39. axb4 axb4 40.
Rc5 Rd1+ 41. Kh2 b3 42. Rc3 Rb1 43. Nd7+ Kc8 44. Nc5 b2 45. Rb3 Rc1 46. Rxb2
Rxc5 47. Rb4 Rg5 48. f3 gxf3 49. Rf4 Ne6 50. Rxf3 Rd5 51. Rc3+ Kd7 52. Kxh3
Ng5+ 53. Kg2 1/2-1/2

[Event "FIDE Open World Blitz 2021"]
[Site "Warsaw"]
[Date "2021.12.29"]
[Round "11.10"]
[White "Kolosowski, Mateusz"]
[Black "Ghaem Maghami, Ehsan"]
[Result "0-1"]
[WhiteElo "2444"]
[BlackElo "2520"]
[Annotator "ChessBase"]
[PlyCount "77"]
[EventDate "2021.12.29"]
[EventType "swiss"]
[EventCountry "POL"]
[Tiebreak "Cut1 Buchholz"]
[SourceTitle "playchess.com"]
[Source "ChessBase"]
[SourceQuality "1"]

1. e4 c6 2. d4 d5 3. e5 Bf5 4. h4 h5 5. Bd3 Bxd3 6. Qxd3 e6 7. Bg5 Qb6 8. Nd2
Nh6 9. Bxh6 Rxh6 10. Ne2 c5 11. c3 Nc6 12. O-O Be7 13. Nf3 Rc8 14. a3 a5 15.
dxc5 Qxc5 16. b4 Qc4 17. Qxc4 dxc4 18. b5 Nb8 19. g3 Nd7 20. Ned4 Nb6 21. a4
Rh8 22. Nd2 Kd7 23. Ne4 Rhd8 24. f4 g6 25. Kg2 Ke8 26. Kf3 Rd7 27. Rfd1 Rcd8
28. Ke2 Kf8 29. Rd2 Kg8 30. Nf2 Nd5 31. Ne4 Kf8 32. Rad1 Nb6 33. Ra1 Rd5 34.
Rdd1 Ke8 35. Rd2 Kd7 36. Rdd1 Kc7 37. Rd2 R5d7 38. Ke1 Nd5 39. Rad1 0-1

[Event "FIDE Open World Blitz 2021"]
[Site "Warsaw"]
[Date "2021.12.29"]
[Round "11.11"]
[White "Mamedov, Rauf"]
[Black "Maghsoodloo, Parham"]
[Result "0-1"]
[WhiteElo "2673"]
[BlackElo "2706"]
[Annotator "ChessBase"]
[PlyCount "148"]
[EventDate "2021.12.29"]
[EventType "swiss"]
[EventCountry "POL"]
[Tiebreak "Cut1 Buchholz"]
[SourceTitle "playchess.com"]
[Source "ChessBase"]
[SourceQuality "1"]

1. e4 e6 2. d4 d5 3. e5 c5 4. c3 Qb6 5. Nf3 Bd7 6. Bd3 Bb5 7. Bxb5+ Qxb5 8. a4
Qd7 9. O-O Nc6 10. Qe2 Rc8 11. dxc5 Bxc5 12. b4 Bf8 13. Nbd2 Nge7 14. Nb3 Ng6
15. g3 Be7 16. h4 Qc7 17. Re1 Nf8 18. Bf4 Nd7 19. h5 O-O 20. Rad1 a5 21. h6 g6
22. b5 Ncb8 23. Rc1 Nb6 24. Nxa5 Nxa4 25. Nb3 Qc4 26. Nfd4 Qxe2 27. Rxe2 Nd7
28. Ra2 Ndb6 29. Kg2 Rc7 30. Rca1 Nxc3 31. Ra7 Rfc8 32. Na5 Bc5 33. Be3 Nc4 34.
Rxb7 Rxb7 35. Nxb7 Bxd4 36. Bxd4 Nxb5 37. Be3 Nxe5 38. Ra5 Nc7 39. Nd6 Ra8 40.
Rc5 Ne8 41. Nb5 Ng4 42. Bc1 Ngf6 43. Nd4 Ne4 44. Rc2 N4d6 45. Nc6 f6 46. Nd4
Kf7 47. Bd2 e5 48. Nf3 g5 49. Rc5 d4 50. Rc6 Rc8 51. Ra6 Rb8 52. Ra7+ Rb7 53.
Ra6 Rb2 54. Bc1 Rb7 55. Ba3 Nc4 56. Bc5 Rc7 57. Bb4 d3 58. Ra8 Rd7 59. Ra2 e4
60. Nd2 Nxd2 61. Bxd2 Nd6 62. Ra4 g4 63. Rd4 f5 64. Rd5 Ke6 65. Rc5 Nf7 66.
Rc6+ Rd6 67. Rc7 Ra6 68. Bb4 Kf6 69. Bd2 Kg6 70. Bc3 Rd6 71. Bd2 Nxh6 72. Rc8
Nf7 73. Rg8+ Kf6 74. Rf8 Rd8 0-1